[Event "2. Tal Memorial"]
[Site "Moscu RUS"]
[Date "2007.11.19"]
[Round "9.5"]
[White "Gelfand, Boris"]
[Black "Leko, Peter"]
[Result "1/2-1/2"]
[WhiteElo "2736"]
[BlackElo "2755"]
[PlyCount "53"]
[EventDate "2007.11.10"]
[EventType "tourn"]
[EventRounds "9"]
[EventCountry "RUS"]
[EventCategory "20"]
[Source "lmi"]
[SourceDate "2007.11.10"]

1. d4 Nf6 2. c4 e6 3. Nf3 b6 4. g3 Ba6 5. b3 Bb4+ 6. Bd2 Be7 7. Nc3 O-O 8. Rc1
d5 9. cxd5 Nxd5 10. Bg2 Bb7 11. Qc2 Nf6 12. O-O c5 13. dxc5 Bxc5 14. e4 Nbd7
15. Bf4 h6 16. e5 Nd5 17. Nxd5 Bxd5 18. Qe2 Rc8 19. Rcd1 Qe7 20. h4 Rfd8 21.
Nd2 Bxg2 22. Kxg2 Nf8 23. h5 Qb7+ 24. Ne4 Be7 25. Qf3 Qa8 26. a4 Nd7 27. Rfe1
1/2-1/2